1461 1102 1231 1947 1730 1389 1998 1997 1973 1804 1606 1167 1560 1110 1974 1036 1606 1252 1631 1083 1459 1042 1692 1531 1921 1598 1802 1481 1397 1149 1732 1806 1325 1174 1256 1317 1730 1172 1399 1086 1037 1847 1449 1201 1918 1216 1536 1987 1079 1819 1419 1050 1496 1570 1926 1214 1341 1803 1387 1636 1354 1954 1874 1753 1100 1288 1707 1668 1562 1096 1896 1451 1370 1026 1257 1062 1514 1502 1957 1340 1825 1577 1968 1733 1483 1017 1139 1614 1722 1267 1302 1590 1346 1204 1345 1359 1173 1701 1180 BCNSPRNW ULIB Ver.6.0+V

เปลี่ยนเป็นภาษาไทย

Change to English
 แสดงรายละเอียดบรรณานุกรม
  กลับหน้าหลัก

Brief Record : Get Marc (ISO 2709) : E-mail record : QR code < ปิดหน้าต่าง
LEADER : 00000nam 2200000uu 4500
001    13399113187
003     ULIB
008    110627s2541||||th 000 0 tha d
020    9789749698916
090    นว.^bจ892ก 25441
100 0  โจนาธาน สเตราด์
245 00 โกเล็มส์อาย ไตรภาคบาร์ติเมอัส = The Golem s eye/^cโจนาธาน สเตราด์
260    กรุงเทพฯ :^bเนชั่นบุ๊คส์,^c2541
300    620 หน้า
710 1  เนชั่นบุ๊คส์
945    ^p365^l0^i019609
995    ทศพร
999 ^a ใช้งานได้ทุกระบบ
รายการนี้ยังไม่มีแท็ก
คุณยังไม่ได้ล็อกอิน คุณสามารถมีกิจกรรมร่วมกับเว็บไซต์ได้ แต่ต้องล็อกอินก่อน ::
  ล็อกอิน

รายการสื่อสารสนเทศ

ลำดับที่ ประเภท เลขเรียก/บาร์โค้ด สถานที่ สถานะ
- ไม่พบข้อมูล -

BibComment


ยังไม่เคยถูกคอมเมนท์

คอมเมนท์ทรัพยากรรายการนี้
  คอมเมนท์: โกเล็มส์อาย ไตรภา..


 Copyright 2026. Bcnsprnw @Library